000 012520000a22004450004500
003 LK-CoMWRAF
008 230817t ||||| |||| 00| 0 eng d
040 _aLK-CoMWRAF
_dLK-CoMWRAF
_eLK-CoMWRAF
041 _aeng
082 _a150
_bHUS
100 _aHussain, M.A.M.
245 _aIslam
_bFaith & Practice in Sri Lanka
260 _bSociety for Promoting Islamic Knowledge (SPIK)
_aSri Lanka (Kalmunai)
_c1984
300 _ap.47
650 _aAblution-Wudu
650 _aAngels
650 _aCall for Prayers
650 _aDua - Supplications
650 _aEarlier Revelations
650 _aEffects of Zakat
650 _aFasting: Sawm
650 _aFormer Prophets
650 _aHajj
650 _aIslam
650 _aLife after Death
650 _aMosque
650 _aNISAB - The Taxable Minimum Wealth
650 _aOn whom is Zakat obligatory?
650 _aPerfomance of the Duty of Zakat
650 _aProphet Muhammad
650 _aSadaqa
650 _aSalat: Prayer
650 _aTaqdir
650 _aTawhid: Oneness of God
650 _aTo whom Zakat cannot be given
650 _aUnity of the Human Race
650 _aZakat - Wealth Tax
650 _aZakat under Modern conditions
942 _cBK
999 _c1939
_d1939